Landen met Dezelfde Bevolking als Nederlandse Provincies - Statistieken

Algemene statistieken
  • Deze quiz is 3.204 keer genomen
  • De gemiddelde score is 9 van 12
Antwoorden op de kaart
Antwoorden kleurgecodeerd door een groen-rode schaal op de quizkaart volgens % correct hieronder.
 
Antwoordstatistieken
Vlaggenkaart Provincie Land % Correct
NH Noord-Holland Qatar
93%
OJ Overijssel Cyprus
92%
FS Friesland Montenegro
85%
GR Groningen Suriname
83%
GL Gelderland Noord-Macedonië
76%
UT Utrecht Estland
74%
LB Limburg Eswatini
71%
FV Flevoland Brunei
70%
ZL Zeeland Bahama's
67%
ZH Zuid-Holland Eritrea
64%
NB Noord-Brabant Namibië
48%
DR Drenthe Maldiven
46%
Geen overeenkomende quizzen gevonden
Scoreverdeling
Procent van Mensen met Elke Score
Percentiel versus Aantal Correcte Antwoorden
Uw Scoregeschiedenis
U heeft deze quiz nog niet genomen